| 000 | 00665cam a22002293a 4500 | ||
|---|---|---|---|
| 001 | 27521 | ||
| 003 | PGUSA | ||
| 005 | 20140828083608.0 | ||
| 008 | 081213s2008||||xxu|||||s|||||000 | eng d | ||
| 040 |
_aPGUSA _beng |
||
| 042 | _adc | ||
| 050 | 4 | _aPR | |
| 100 | 1 |
_aCullum, Ridgwell, _d1867-1943 |
|
| 245 | 1 | 4 |
_aThe Watchers of the Plains : _bA Tale of the Western Prairies _h[electronic resource] / _cRidgwell Cullum |
| 260 |
_bProject Gutenberg, _c2008 |
||
| 506 | _aPublic domain in the USA. | ||
| 516 | _aElectronic text | ||
| 653 | _aWestern stories | ||
| 830 | 0 |
_aProject Gutenberg _v27521 |
|
| 856 | 4 | 0 | _uhttp://www.gutenberg.org/ebooks/27521 |
| 942 | _cEB | ||
| 999 |
_c256776 _d256776 |
||